| 000 | 00423nam a2200157Ia 4500 | ||
|---|---|---|---|
| 005 | 20260115165743.0 | ||
| 008 | 251127s9999 xx 000 0 und d | ||
| 020 | _a047141235X (hardcover) | 9780471412359 (hardcover) | ||
| 082 |
_a658.83 _bKUM-E |
||
| 100 | _aKumar, V. | ||
| 245 | 0 | _aEssentials of Marketing Research | |
| 250 | _a2nd ed. | ||
| 260 |
_a[S.l.] : _bWiley, _c2005 |
||
| 650 | _aManagement Science | ||
| 942 | _cBK | ||
| 999 |
_c675 _d675 |
||